| 000 | 00380nam a22001337a 4500 | ||
|---|---|---|---|
| 005 | 20250913120631.0 | ||
| 008 | 250913b |||||||| |||| 00| 0 eng d | ||
| 050 |
_aBS1199 _b.L4 GHA |
||
| 100 | _aGHARTEY JOHN B. | ||
| 245 |
_aLET'S ARISE AND BUILD; _bNEHEAH'S BLUEPRINT'S FOR NATION BUILDING |
||
| 260 |
_aACCRA _bLIVING WORD FOUNDATION |
||
| 300 | _axiii, 103p | ||
| 942 |
_2lcc _cBK _n0 |
||
| 999 |
_c7544 _d7544 |
||